000 00419nam a2200181Ia 4500
001 17061
005 20260306170357.0
008 260306t1998||||xx |||||||||||||| ||und||
041 _aESP
082 _a657.45
_bB16
100 _aBailey, Larry P.
_eAUT
245 0 _aGuía de auditoría 1998
260 _c1998
300 _axl, 1.01-23.43
_c23 cm.
650 _aGEN
654 _aCCO
942 _cLIB
_dJUS
_fJUS
_2ddc
_n
999 _c17061
_d17061